| 000 | 00851nam a2200277 a 4500 | ||
|---|---|---|---|
| 999 |
_c523632 _d523632 |
||
| 001 | 1159653 | ||
| 003 | NUST | ||
| 005 | 20190516080938.0 | ||
| 008 | 960125s1995 pk a 000 0 eng | ||
| 010 | _a 95930455 | ||
| 025 | _aP-E-033182 | ||
| 038 | _awaseem | ||
| 040 |
_aDLC _cDLC |
||
| 042 | _alcode | ||
| 043 | _aa-pk--- | ||
| 050 | 0 | 0 |
_aJQ629.A56 _bI66 1995 |
| 082 |
_a327.125491 _bTIR |
||
| 100 | 1 |
_aTirmazi, Syed A. I. _q(Syed Ahmed Irshad) _914391 |
|
| 245 | 1 | 0 |
_aProfiles of intelligence / _cSyed A.I. Tirmazi. |
| 260 |
_a[Lahore : _bs.n.], _c1995 _e(Lahore : _fIntikhab-e-Jadeed Press) |
||
| 300 |
_a423 p. : _bill. ; _c22 cm. |
||
| 650 | 0 |
_aIntelligence service _zPakistan. _913031 |
|
| 906 |
_a7 _bcbc _corigode _d3 _encip _f19 _gy-gencatlg |
||
| 942 |
_2ddc _cBK |
||